000 00505nam a2200193Ia 4500
005 20250923150326.0
008 008 250917s9999 xx 000 0 eng d
037 _aTextual
040 _aDSWL
_beng
_cDSWL
041 _aeng
_2eng
084 _qDSWL
100 _aPiramel,G
_9844713
245 0 _aSmartleadership insights for CEOs
_cby G Piramal
260 _aNew Delhi
_bPenguin Books
_c2005
300 _a207p.
650 _aJ Netarwala
_9844714
942 _cTEXL
999 _c1462197
_d1462197